Veľkokapacitné formy pre hovädzí dobytok

Podrobná bibliografia
Hlavný autor: Morháč, Július (Autor)
Médium: Článok
Jazyk:slovenčina
Fyzický popis:Obr. 1.
Predmet:

MARC

LEADER 00000nab a2200000 a 4500
001 vtls000034503
003 SK-MaSNL
005 20260304074224.0
008 250422c1979 xo 0 slo
015 |a SNBRB19rr/mm-uuuuu 
035 |a CL0044597 
035 |a urn:nbn:sk:snk-abdk1o 
035 |a (urnnbn)urn:nbn:sk:snk:ar-001q8j 
035 |a (uuid)38f3f2ac-47d0-4c03-8250-b051f49a96b3 
040 |a SNKBUCL  |b slo  |c SNKBUCL  |e AACR2 
041 0 |a slo 
044 |a xo  |c SK 
080 |a 631.2  |2 1981 
080 |a 636.2  |2 1981 
100 1 |a Morháč, Július  |4 aut  |9 350250 
245 1 0 |a Veľkokapacitné formy pre hovädzí dobytok  |c Július Morháč 
300 |b Obr. 1. 
650 0 7 |a výstavba poľnohospodárska  |2 snkbucl  |9 1005773 
655 7 |a články z novín a časopisov  |2 snkbucl  |9 267496 
773 0 |t Projekt  |g Roč. 21, č. 4 (1979), s. 26 
850 |a Slovenská národná knižnica 
852 |a Slovenská národná knižnica 
954 |a odborná, vedecká literatúra pôvodná (slovenská)  |2 lita 
958 |a article19 
958 |a OND 
958 |a RK 
958 |a EUIPO 
992 |a RBX 
999 |c 2775258  |d 2777188